[Event "Mechanics' Fall TNM; 30/90, SD/30"]
[Site "San Francisco"]
[Date "2009.11.17"]
[Round "5.6"]
[White "Drane, Robert"]
[Black "Manvelyan, Hayk"]
[Result "0-1"]
[WhiteElo "1861"]
[BlackElo "2033"]
[PlyCount "58"]
[EventDate "2009.??.??"]

1. e4 e6 2. f4 d5 3. e5 c5 4. Nf3 Nc6 5. c3 Qb6 6. Na3 c4 7. Nc2 Bc5 8. Qe2 Nh6
9. Rb1 O-O 10. Ne3 f6 11. exf6 Rxf6 12. d4 cxd3 13. Qxd3 Nf5 14. Ng4 Rg6 15.
Nge5 Nxe5 16. Nxe5 Rh6 17. g4 Bf2+ 18. Ke2 Ng3+ 19. hxg3 Rxh1 20. Qf3 Rh2 21.
Bg2 Bc5 22. g5 Qa6+ 23. Kd1 Qxa2 24. Kc2 Qa4+ 25. Kd3 b6 26. Ng4 Ba6+ 27. Kd2
Rxg2+ 28. Qxg2 Qa2 29. Kc2 Bc4 0-1

[Event "Mechanics' Fall TNM; 30/90, SD/30"]
[Site "San Francisco"]
[Date "2009.12.15"]
[Round "9.11"]
[White "Drane, Robert"]
[Black "Manvelyan, Hovik"]
[Result "0-1"]
[WhiteElo "1861"]
[BlackElo "1984"]
[PlyCount "62"]
[EventDate "2009.??.??"]

1. Nf3 f5 2. d3 Nf6 3. e4 fxe4 4. dxe4 e6 5. Bd3 Bb4+ 6. c3 Be7 7. e5 Nd5 8.
Ng5 g6 9. Nxh7 d6 10. Bxg6+ Kd7 11. h4 Qg8 12. Qh5 Nc6 13. exd6 cxd6 14. Bg5
Kc7 15. c4 Nb6 16. Bf6 Rxh7 17. Qxh7 Qxh7 18. Bxh7 Bxf6 19. Nd2 Bxb2 20. Rb1
Bg7 21. g4 e5 22. h5 Be6 23. g5 Nd4 24. h6 Bh8 25. g6 Bf5 26. Rc1 Nd7 27. c5 d5
28. Nb3 Nf3+ 29. Ke2 Ng5 30. Rh5 Bg4+ 31. f3 Bxh5 0-1

[Event "Mechanics' Winter TNM; 30/90, SD/30"]
[Site "San Francisco"]
[Date "2009.02.10"]
[Round "6.10"]
[White "Drane, Robert"]
[Black "Persidsky, Andre"]
[Result "1-0"]
[WhiteElo "1857"]
[BlackElo "1829"]
[PlyCount "59"]
[EventDate "2009.??.??"]

1. e4 c5 2. Nf3 Nc6 3. Bb5 d6 4. d4 cxd4 5. Qxd4 Bd7 6. Bxc6 bxc6 7. c4 e5 8.
Qd3 Qc8 9. Nc3 f5 10. b3 Nf6 11. Ba3 fxe4 12. Nxe4 Nxe4 13. Qxe4 c5 14. O-O Be7
15. Nd2 Bc6 16. Qd3 O-O 17. Bb2 Rf4 18. f3 Qe6 19. Rae1 Rh4 20. g3 Rh6 21. f4
Qh3 22. Rf2 Bh4 23. Re3 exf4 24. Ref3 fxg3 25. Rg2 Bxf3 26. Nxf3 gxh2+ 27. Kh1
Rf8 28. Rxg7+ Kh8 29. Rxh7+ Kg8 30. Rh8+ 1-0

[Event "Mechanics' Fall TNM; 30/90, SD/30"]
[Site "San Francisco"]
[Date "2009.11.03"]
[Round "3.16"]
[White "Drane, Robert"]
[Black "Starr, Albert"]
[Result "1-0"]
[WhiteElo "1861"]
[BlackElo "1464"]
[PlyCount "73"]
[EventDate "2009.??.??"]

1. e4 e5 2. Bc4 Nf6 3. d3 h6 4. Nc3 Bc5 5. f4 d6 6. Nf3 Ng4 7. Rf1 O-O 8. f5
Ne3 9. Bxe3 Bxe3 10. Qe2 Bb6 11. O-O-O a6 12. g4 Nc6 13. a3 Nd4 14. Qg2 Nxf3
15. Rxf3 Bd4 16. Ne2 b5 17. Bd5 Rb8 18. Rdf1 Be3+ 19. Rxe3 Qg5 20. Qg3 Bb7 21.
h4 Qd8 22. g5 h5 23. Ref3 c5 24. Bxb7 Rxb7 25. Nc3 Qa5 26. Nd5 b4 27. axb4 cxb4
28. b3 Rc8 29. Kd2 Qc5 30. Rc1 a5 31. Qf2 Qb5 32. f6 g6 33. Ne7+ Rxe7 34. fxe7
Qe8 35. Rf1 Qxe7 36. Rxf7 Qe8 37. Qf6 1-0

[Event "Mechanics' Fall TNM; 30/90, SD/30"]
[Site "San Francisco"]
[Date "2009.11.24"]
[Round "6.22"]
[White "Durig, Alex"]
[Black "Bultman, Charles"]
[Result "0-1"]
[WhiteElo "1342"]
[BlackElo "1703"]
[PlyCount "80"]
[EventDate "2009.??.??"]

1. e4 c5 2. Nc3 d6 3. Nf3 Nf6 4. d4 cxd4 5. Nxd4 Nc6 6. Be3 Nxd4 7. Qxd4 e5 8.
Qd2 Be7 9. f3 O-O 10. O-O-O a6 11. Bc4 Qc7 12. Bb3 Be6 13. Bxe6 fxe6 14. Bg5
Rac8 15. Bxf6 Rxf6 16. Rhf1 b5 17. b3 Qxc3 18. Qxc3 Rxc3 19. Rd3 Rxd3 20. cxd3
d5 21. Kb2 Rf8 22. Rc1 Ra8 23. Rc7 Kf8 24. Rd7 Ke8 25. Rc7 Kd8 26. Rc6 Kd7 27.
Rc2 Rc8 28. Rd2 Bb4 29. Rd1 Bc3+ 30. Kc2 Bd4+ 31. Kd2 Kd6 32. Rf1 Rc7 33. f4
exf4 34. Rxf4 e5 35. Rf5 dxe4 36. dxe4 Ke7 37. h4 g6 38. Rg5 Rc6 39. a3 Rf6 40.
g4 h6 0-1

[Event "Mechanics' Wilkerson Mem TNM; 30/90, SD"]
[Site "San Francisco"]
[Date "2009.09.29"]
[Round "9.22"]
[White "Durig, Alex"]
[Black "Capdeville, Barry"]
[Result "1-0"]
[WhiteElo "1234"]
[BlackElo "1138"]
[PlyCount "75"]
[EventDate "2009.??.??"]

1. d4 Nf6 2. Bg5 e6 3. e4 Be7 4. Bxf6 Bxf6 5. Nc3 g6 6. Qd2 Bg7 7. O-O-O O-O 8.
Bd3 d6 9. h4 Bxd4 10. h5 Bf6 11. hxg6 fxg6 12. e5 Bg7 13. exd6 cxd6 14. Nf3 Nd7
15. Ng5 Nf6 16. Rh4 h6 17. Bxg6 hxg5 18. Qxg5 Qe7 19. Rh8+ Bxh8 20. Ne4 Qg7 21.
Ng3 Ne4 22. Nxe4 Qxb2+ 23. Kd2 Qb4+ 24. c3 Qb2+ 25. Kd3 Bg7 26. Qh4 Qb5+ 27.
Kc2 Qa4+ 28. Kd2 Bxc3+ 29. Kxc3 Qa3+ 30. Kd2 Qb4+ 31. Ke2 Qc4+ 32. Ke1 Qb4+ 33.
Kf1 Rxf2+ 34. Kxf2 Qb2+ 35. Kg1 Qg7 36. Nf6+ Kf8 37. Nh7+ Kg8 38. Qd8+ 1-0

[Event "Mechanics' Summer TNM; 30/90, SD/30"]
[Site "San Francisco"]
[Date "2009.06.16"]
[Round "4.31"]
[White "Durig, Alex"]
[Black "Chan, John"]
[Result "0-1"]
[WhiteElo "1234"]
[BlackElo "1622"]
[PlyCount "114"]
[EventDate "2009.??.??"]

1. d4 Nf6 2. c4 e6 3. Nf3 Be7 4. Nc3 c6 5. Bf4 d6 6. e4 Nfd7 7. Bd3 O-O 8. O-O
c5 9. d5 e5 10. Bd2 Nf6 11. h3 Kh8 12. Ne2 Rg8 13. Kh1 Nbd7 14. Neg1 Nf8 15.
Ng5 Qe8 16. g4 h6 17. N5f3 N6h7 18. Ne2 g5 19. Rg1 Ng6 20. Ng3 f6 21. Rg2 Qf7
22. Qg1 Bd7 23. Rh2 Nf4 24. Bf1 Rg6 25. Nh5 Rgg8 26. Re1 Nxh5 27. gxh5 Qxh5 28.
Re3 a6 29. Ne1 b5 30. b3 bxc4 31. bxc4 Rab8 32. Bc3 Rg7 33. Rg3 Qg6 34. Bg2 Rb1
35. h4 g4 36. Bf3 h5 37. Rhg2 Qh6 38. Be2 Nf8 39. f3 f5 40. exf5 Bxh4 41. fxg4
Bxg3 42. Rxg3 hxg4+ 43. Qh2 Qxh2+ 44. Kxh2 Bxf5 45. Bd3 Bxd3 46. Nxd3 Nd7 47.
Nf2 Nf6 48. Kg2 Kh7 49. Nd3 Nh5 50. Re3 Rd1 51. Nf2 Nf4+ 52. Kg3 Rg1+ 53. Kh2
Rg2+ 54. Kh1 Rg6 55. Nxg4 R6xg4 56. Be1 Rg1+ 57. Kh2 R4g2# 0-1

[Event "Mechanics' Wilkerson Mem TNM; 30/90, SD"]
[Site "San Francisco"]
[Date "2009.08.25"]
[Round "4.23"]
[White "Durig, Alex"]
[Black "Hilliard, Michael"]
[Result "0-1"]
[WhiteElo "1234"]
[BlackElo "1400"]
[PlyCount "46"]
[EventDate "2009.??.??"]

1. e4 c6 2. Nf3 d5 3. exd5 cxd5 4. d4 Nf6 5. c4 e6 6. g3 Bb4+ 7. Nc3 O-O 8. Bd3
Nc6 9. O-O b6 10. Bf4 Bb7 11. Ne5 dxc4 12. Be4 Rc8 13. d5 Nxe5 14. Bxe5 Bxc3
15. Bxf6 Bxf6 16. Qc2 g6 17. h4 exd5 18. Bf3 Qd7 19. Kg2 d4 20. Bxb7 Qxb7+ 21.
f3 d3 22. Qd2 Rfe8 23. Rae1 Re7 0-1

[Event "Mechanics' Wilkerson Mem TNM; 30/90, SD"]
[Site "San Francisco"]
[Date "2009.08.04"]
[Round "2.22"]
[White "Durig, Alex"]
[Black "Luke, Gary"]
[Result "0-1"]
[WhiteElo "1234"]
[BlackElo "1817"]
[PlyCount "66"]
[EventDate "2009.??.??"]

1. e4 c5 2. Nf3 Nc6 3. g3 d6 4. Bg2 Nf6 5. d3 g6 6. c3 Bg7 7. Qc2 O-O 8. Be3
Ng4 9. Nbd2 Bd7 10. O-O-O Rc8 11. h4 h5 12. Nf1 b5 13. Bd2 Nxf2 14. Rh2 c4 15.
dxc4 bxc4 16. Be3 Nd3+ 17. Kd2 Qa5 18. a3 Nce5 19. Nxe5 Bxe5 20. Bh3 e6 21. g4
Ba4 22. Qb1 Rb8 23. b4 Bxd1 24. Qxd1 Qxa3 25. Ke2 Qxc3 26. Rg2 Rxb4 27. Bd2 Rb2
28. gxh5 Nf4+ 29. Ke1 Nxg2+ 30. Bxg2 Bg3+ 31. Nxg3 Qxg3+ 32. Kf1 Rfb8 33. Be1
Qxg2# 0-1

[Event "Mechanics' Summer TNM; 30/90, SD/30"]
[Site "San Francisco"]
[Date "2009.05.26"]
[Round "1.24"]
[White "Durig, Alex"]
[Black "Russell, Joe"]
[Result "0-1"]
[WhiteElo "1234"]
[BlackElo "1820"]
[PlyCount "116"]
[EventDate "2009.??.??"]

1. e4 c5 2. Nf3 Nc6 3. Nc3 d6 4. Bc4 e6 5. d4 cxd4 6. Nxd4 Nf6 7. O-O Be7 8.
Be3 O-O 9. Re1 Bd7 10. Qf3 Ne5 11. Qe2 Nxc4 12. Qxc4 a6 13. Rad1 Rc8 14. Qe2
Qc7 15. Qd3 b5 16. a3 Rfd8 17. Nde2 Bc6 18. f3 d5 19. exd5 Nxd5 20. Nxd5 Bxd5
21. Bf4 Qxc2 22. Qxc2 Rxc2 23. Bc1 Bc5+ 24. Kf1 Rc8 25. Rd2 Rxd2 26. Bxd2 Bc4
27. Rc1 Bb6 28. Ke1 Rd8 29. Rc3 h6 30. b3 Bd5 31. Nf4 Bb7 32. Be3 Bxe3 33. Rxe3
Kf8 34. Rc3 Rc8 35. Rxc8+ Bxc8 36. b4 Ke7 37. Nd3 Kd6 38. f4 Kd5 39. g4 f6 40.
h4 Kc4 41. Nc5 Kc3 42. Ne4+ Kb3 43. g5 fxg5 44. fxg5 Kxa3 45. g6 Kxb4 46. Nf6
a5 47. Kd1 a4 48. Kc1 a3 49. Kb1 e5 50. Ne8 Bf5+ 51. Ka1 Bxg6 52. Nxg7 Kc3 53.
Ne6 e4 54. Nf4 Bf7 55. Ne2+ Kd3 56. Nf4+ Kd2 57. h5 e3 58. Ng6 e2 0-1

[Event "Mechanics' Fall TNM; 30/90, SD/30"]
[Site "San Francisco"]
[Date "2009.10.20"]
[Round "1.24"]
[White "Durig, Alex"]
[Black "Salvo, Tab"]
[Result "1-0"]
[WhiteElo "1342"]
[BlackElo "1769"]
[PlyCount "111"]
[EventDate "2009.??.??"]

1. e4 c5 2. Nf3 d6 3. Bb5+ Nc6 4. Bxc6+ bxc6 5. O-O e5 6. c4 Nf6 7. d3 Be7 8.
Nc3 O-O 9. a3 h6 10. h3 Be6 11. Rb1 Rb8 12. Be3 Qd7 13. Qd2 Kh7 14. b4 cxb4 15.
axb4 a6 16. d4 Bxc4 17. Rfc1 Rfe8 18. dxe5 dxe5 19. Nxe5 Qxd2 20. Bxd2 Bb5 21.
Nxf7 Bf8 22. e5 Re6 23. exf6 Rxf6 24. Ne5 Re6 25. Nd7 Rbe8 26. Nxf8+ Rxf8 27.
Nxb5 cxb5 28. Rc7 Rfe8 29. Bc3 Rg6 30. Re1 Rxe1+ 31. Bxe1 h5 32. h4 Kg8 33. Rc5
Re6 34. Kf1 g6 35. Rg5 Kf7 36. g4 hxg4 37. Rxg4 Kf6 38. Bc3+ Kf5 39. f3 Rc6 40.
Bd2 Kf6 41. Rg5 Kf7 42. h5 gxh5 43. Rxh5 -- 44. Ke2 Rd6 45. Ke3 -- 46. Rc5 Kf6
47. Bc3+ Kg6 48. f4 Kf7 49. f5 Rb6 50. Bd4 Rh6 51. Rc7+ Ke8 52. f6 Rh1 53. f7+
Kd8 54. f8=Q+ Kxc7 55. Qe7+ Kc8 56. Qc5+ 1-0

[Event "Mechanics' Summer TNM; 30/90, SD/30"]
[Site "San Francisco"]
[Date "2009.06.09"]
[Round "3.32"]
[White "Durig, Alex"]
[Black "Smith, Andrew"]
[Result "0-1"]
[WhiteElo "1234"]
[BlackElo "1548"]
[PlyCount "66"]
[EventDate "2009.??.??"]

1. d4 Nf6 2. Nf3 d6 3. Bg5 b6 4. c4 Bb7 5. Nc3 Nbd7 6. e3 g6 7. Bd3 Bg7 8. Qd2
h6 9. Bh4 g5 10. Bg3 Nh5 11. O-O-O e6 12. b3 Nxg3 13. hxg3 c5 14. d5 Qf6 15. e4
Qxc3+ 16. Qxc3 Bxc3 17. Kc2 Bg7 18. Rh2 Ne5 19. Nxe5 Bxe5 20. Rf1 Ke7 21. f4
Bd4 22. f5 Be5 23. Rf3 exd5 24. exd5 Kf6 25. Rh1 Rae8 26. Re3 h5 27. a4 Bc8 28.
Rf1 Bd4 29. Re6+ fxe6 30. fxe6+ Ke7 31. Rf7+ Kd8 32. Bf5 Re7 33. Rf6 Bxf6 0-1

[Event "Mechanics' Summer TNM; 30/90, SD/30"]
[Site "San Francisco"]
[Date "2009.07.07"]
[Round "7.28"]
[White "Durig, Alex"]
[Black "Starr, Albert"]
[Result "0-1"]
[WhiteElo "1234"]
[BlackElo "1510"]
[PlyCount "84"]
[EventDate "2009.??.??"]

1. e4 e5 2. Nf3 Nf6 3. g3 Nxe4 4. Qe2 d5 5. d3 Nd6 6. Bg2 Bg4 7. Nbd2 Nc6 8. c3
Be7 9. h3 Bxf3 10. Bxf3 Nf5 11. O-O O-O 12. Re1 Bg5 13. b4 f6 14. a4 a6 15. Nb3
Bxc1 16. Raxc1 b6 17. c4 Nxb4 18. cxd5 Nxd5 19. Be4 Nfe7 20. a5 Rc8 21. Rc2 b5
22. Nc5 Qd6 23. Rd1 Nc6 24. Qg4 Nd4 25. Rcc1 f5 26. Bxd5+ Qxd5 27. Qh5 g6 28.
Qh6 Ne2+ 29. Kh2 Nxc1 30. Qxc1 Qc6 31. d4 exd4 32. Rxd4 Rcd8 33. Qc3 Rxd4 34.
Qxd4 Qd6 35. Qb4 Rd8 36. Qb3+ Qd5 37. Qe3 Kf7 38. Nxa6 Re8 39. Qa7 Re7 40. Nxc7
Qd7 41. Qd4 Qxd4 42. Nxb5 Qxf2+ 0-1

[Event "Mechanics' Wilkerson Mem TNM; 30/90, SD"]
[Site "San Francisco"]
[Date "2009.09.15"]
[Round "7.21"]
[White "Durig, Alex"]
[Black "Zhang, Jeffrey"]
[Result "0-1"]
[WhiteElo "1234"]
[BlackElo "1491"]
[PlyCount "75"]
[EventDate "2009.??.??"]

1. d4 e6 2. c4 d5 3. Nf3 Nf6 4. Bg5 c6 5. Nc3 Nbd7 6. e3 Qa5 7. Be2 Bb4 8. Qc2
Ne4 9. O-O Bxc3 10. bxc3 Qxc3 11. Rac1 Qxc2 12. Rxc2 O-O 13. Bd3 Nxg5 14. Nxg5
Nf6 15. f3 h6 16. Nh3 Bd7 17. g4 Rfe8 18. g5 e5 19. gxf6 Bxh3 20. Rff2 gxf6 21.
e4 exd4 22. cxd5 cxd5 23. exd5 Re1+ 24. Bf1 Kh7 25. Rg2 Bxg2 26. Kxg2 Re7 27.
Rd2 Rd8 28. Rxd4 Red7 29. Bd3+ Kh8 30. Bc4 b5 31. Bb3 a5 32. a3 {
remainder illegible} -- 33. Kf2 Kg7 34. Rg4+ Kf8 35. Rd4 -- 36. Ke3 Re8+ 37.
Kd3 Re5 38. h4 0-1

[Event "Mechanics' Fall TNM; 30/90, SD/30"]
[Site "San Francisco"]
[Date "2009.10.27"]
[Round "2.15"]
[White "Evans, Nicholas"]
[Black "Argishti, Dante"]
[Result "0-1"]
[WhiteElo "1500"]
[BlackElo "2032"]
[PlyCount "45"]
[EventDate "2009.??.??"]

1. e4 e6 2. d4 d5 3. e5 c5 4. c3 Nc6 5. Nf3 Nge7 6. Bg5 Qb6 7. Bd3 Qxb2 8. Nbd2
Qxc3 9. Bb5 a6 10. Rc1 Qa5 11. Ba4 b5 12. Bxe7 Bxe7 13. Bc2 c4 14. O-O Bd7 15.
Qe2 Qxa2 16. Rfd1 b4 17. Ne1 g6 18. Ndf3 b3 19. Ra1 Qb2 20. Rab1 Qc3 21. Bxb3
cxb3 22. Rd3 Qa5 23. Rbxb3 {Black won in a few more moves} 0-1

[Event "Mechanics' Fall TNM; 30/90, SD/30"]
[Site "San Francisco"]
[Date "2009.12.01"]
[Round "7.27"]
[White "Evans, Nicholas"]
[Black "Capdeville, Barry"]
[Result "1-0"]
[WhiteElo "1500"]
[BlackElo "1131"]
[PlyCount "51"]
[EventDate "2009.??.??"]

1. e4 e5 2. Nf3 Nf6 3. Nxe5 d6 4. Nf3 Nxe4 5. Qe2 Qe7 6. d4 d5 7. Ne5 Nc6 8.
Qb5 Qe6 9. Be2 Nd6 10. Qa4 Be7 11. Bb5 O-O 12. Bxc6 bxc6 13. O-O Nb5 14. Bf4
Bb7 15. Nd2 Bd6 16. Rfe1 Bxe5 17. Bxe5 Qd7 18. Qb3 f6 19. Bf4 Rab8 20. c3 Ba6
21. Qa4 Rb6 22. c4 Nxd4 23. c5 Ne2+ 24. Rxe2 Bxe2 25. cxb6 Bb5 26. Qxa7 1-0

[Event "Mechanics' Summer TNM; 30/90, SD/30"]
[Site "San Francisco"]
[Date "2009.07.07"]
[Round "7.29"]
[White "Evans, Nicholas"]
[Black "Capdeville, Barry"]
[Result "1-0"]
[WhiteElo "1434"]
[BlackElo "1194"]
[PlyCount "87"]
[EventDate "2009.??.??"]

1. d4 Nf6 2. c4 e6 3. Nc3 b6 4. e4 d6 5. d5 e5 6. f4 Be7 7. Nf3 Nbd7 8. fxe5
Nxe5 9. Nxe5 dxe5 10. Be2 O-O 11. O-O Bd7 12. Qe1 Bg4 13. Bxg4 Nxg4 14. Qg3 Qd7
15. h3 Nf6 16. Qxe5 Bd6 17. Qf5 Qe7 18. Bd2 Rad8 19. Kh1 Be5 20. Bg5 a6 21. Rf3
Qd6 22. Bxf6 Bxf6 23. Raf1 Rde8 24. b3 Re5 25. Qg4 Rg5 26. Qh4 Rxg2 27. Qf4
Qxf4 28. Rxf4 Rc2 29. Nd1 Rxa2 30. Nf2 Be5 31. Rf3 Re2 32. Rg1 Bd4 33. Rg2 Bxf2
34. Rfxf2 Rxe4 35. Rf6 Re3 36. b4 Rxh3+ 37. Kg1 Re8 38. Rc6 Rd3 39. Rxc7 Rd4
40. Ra2 Ra8 41. Re2 Rf4 42. d6 Rd4 43. d7 Rd8 44. Re8+ 1-0

[Event "Mechanics' Summer TNM; 30/90, SD/30"]
[Site "San Francisco"]
[Date "2009.06.09"]
[Round "3.10"]
[White "Evans, Nicholas"]
[Black "Livschitz, Louise"]
[Result "0-1"]
[WhiteElo "1434"]
[BlackElo "1956"]
[PlyCount "52"]
[EventDate "2009.??.??"]

1. e4 c5 2. Nf3 d6 3. Bb5+ Bd7 4. Bxd7+ Nxd7 5. Nc3 Ngf6 6. d3 g6 7. O-O Bg7 8.
Be3 O-O 9. Qd2 Ng4 10. Bf4 Nde5 11. Nxe5 dxe5 12. Be3 Nxe3 13. fxe3 e6 14. Rf3
c4 15. Rd1 Qb6 16. dxc4 Rad8 17. Qe1 Qxb2 18. Rb1 Qxc2 19. Rf2 Qd3 20. Rxb7
Qxc4 21. Rxa7 Rd3 22. Nd1 Qc1 23. Rf1 Rxd1 24. Qxd1 Qxe3+ 25. Kh1 Qxa7 26. a4
Qd4 0-1

[Event "Mechanics' Summer TNM; 30/90, SD/30"]
[Site "San Francisco"]
[Date "2009.07.14"]
[Round "8.23"]
[White "Evans, Nicholas"]
[Black "Milliken, William"]
[Result "1/2-1/2"]
[WhiteElo "1434"]
[BlackElo "1702"]
[PlyCount "64"]
[EventDate "2009.??.??"]

1. e4 e5 2. Nf3 Nc6 3. Bc4 Nf6 4. Ng5 d5 5. exd5 Na5 6. d3 h6 7. Nf3 e4 8. Qe2
Qe7 9. Nfd2 Bf5 10. Bb5+ c6 11. dxc6 bxc6 12. Ba6 Rd8 13. dxe4 Nxe4 14. Nxe4
Bxe4 15. O-O Bd5 16. Re1 Qxe2 17. Rxe2+ Be6 18. Re1 Be7 19. a3 O-O 20. Nc3 Bf6
21. Ne4 Bd4 22. Rb1 Ba2 23. Ra1 Bd5 24. Bd2 Nc4 25. Bxc4 Bxc4 26. Bc3 Bxc3 27.
Nxc3 Rd2 28. Re4 Be6 29. Re2 Rfd8 30. Rae1 Bf5 31. Rxd2 Rxd2 32. Re2 Rxc2
1/2-1/2

[Event "Mechanics' Summer TNM; 30/90, SD/30"]
[Site "San Francisco"]
[Date "2009.05.26"]
[Round "1.18"]
[White "Evans, Nicholas"]
[Black "Ochoa, Jason"]
[Result "1/2-1/2"]
[WhiteElo "1434"]
[BlackElo "1900"]
[PlyCount "92"]
[EventDate "2009.??.??"]

1. e4 c5 2. Nf3 d6 3. Bb5+ Bd7 4. Bxd7+ Qxd7 5. d3 g6 6. Nc3 Bg7 7. O-O Nc6 8.
Rb1 Nf6 9. Ne2 O-O 10. Bd2 b5 11. Qc1 Rfc8 12. a3 c4 13. Ng3 cxd3 14. cxd3 Nb4
15. Qd1 Nxd3 16. Be3 Nc5 17. Bxc5 Rxc5 18. Qb3 Ng4 19. Rbd1 Rac8 20. Rd5 Rxd5
21. Qxd5 Rc5 22. Qb3 Qc7 23. h3 Ne5 24. Nxe5 Bxe5 25. f4 Bd4+ 26. Kh2 e6 27. f5
exf5 28. exf5 Be5 29. Kh1 a6 30. Ne4 Rc1 31. Qf3 Rxf1+ 32. Qxf1 Qc4 33. Qe1 d5
34. Nc5 Qf4 35. Qg1 Bd4 36. Nd3 Qe4 37. Qf1 gxf5 38. Nb4 a5 39. Nc6 Bxb2 40.
Qxb5 Bxa3 41. Qb8+ Kg7 42. Qg3+ Kh6 43. Qxa3 a4 44. Qd6+ Qe6 45. Qf4+ Kg7 46.
Qxa4 Qe4 1/2-1/2

[Event "Mechanics' Fall TNM; 30/90, SD/30"]
[Site "San Francisco"]
[Date "2009.12.15"]
[Round "9.21"]
[White "Evans, Nicholas"]
[Black "Rosenstein, Perry"]
[Result "1-0"]
[WhiteElo "1500"]
[BlackElo "1516"]
[PlyCount "75"]
[EventDate "2009.??.??"]

1. e4 d5 2. exd5 Nf6 3. d4 Nxd5 4. c4 Nb6 5. Nc3 Nc6 6. d5 Ne5 7. c5 Nbd7 8. f4
Ng6 9. c6 Nb6 10. Bb5 a6 11. cxb7+ axb5 12. bxa8=Q Nxa8 13. Nxb5 e6 14. dxe6
Bb4+ 15. Nc3 Qxd1+ 16. Kxd1 Bxe6 17. Nf3 O-O 18. Ke2 Bc4+ 19. Kf2 Bc5+ 20. Kg3
Ne7 21. h3 Nf5+ 22. Kh2 f6 23. Re1 Bf2 24. Rd1 Ng3 25. Bd2 Rd8 26. h4 Ne2 27.
Ne4 Bb6 28. Bb4 Re8 29. Nc3 Nxf4 30. Re1 Ne6 31. Rad1 c5 32. Ba3 Kf7 33. Rd7+
Kg6 34. Nd5 Bxa2 35. h5+ Kxh5 36. Nf4+ Kh6 37. Kg3 Bc7 38. Rh1# 1-0

[Event "Mechanics' Winter TNM; 30/90, SD/30"]
[Site "San Francisco"]
[Date "2009.02.17"]
[Round "7.12"]
[White "Farzaneh-Far, Ramin"]
[Black "Askin, David"]
[Result "1-0"]
[WhiteElo "1856"]
[BlackElo "1714"]
[PlyCount "117"]
[EventDate "2009.??.??"]

1. d4 d5 2. c4 c6 3. Nf3 Nf6 4. g3 Bg4 5. Bg2 e6 6. cxd5 cxd5 7. Qb3 Qc8 8. Nc3
Be7 9. Be3 O-O 10. O-O Nc6 11. Qa4 a6 12. Rfc1 Bxf3 13. Bxf3 Qd7 14. Qd1 Rac8
15. Na4 Qd8 16. Nc5 Rc7 17. Qa4 Bxc5 18. Rxc5 Nd7 19. Rc3 Nb6 20. Qd1 Nc4 21.
Bf4 Rc8 22. b3 Nd6 23. Rac1 Nb5 24. Rd3 Qf6 25. e3 g5 26. a4 Nb4 27. Rxc8 Rxc8
28. Be5 Qe7 29. axb5 Nxd3 30. Qxd3 f6 31. bxa6 fxe5 32. dxe5 bxa6 33. Qxa6 Qd7
34. Bg4 Rc6 35. Qa8+ Kg7 36. Bh5 Qc8 37. Qa7+ Qc7 38. Qxc7+ Rxc7 39. Be8 Rb7
40. Ba4 h5 41. h4 gxh4 42. gxh4 Rb4 43. f4 Kg6 44. Kg2 Kf5 45. Kf3 Kg6 46. Be8+
Kh6 47. Bd7 Rb6 48. b4 Kg7 49. b5 Kf8 50. Ke2 Ke7 51. Bc6 Rb8 52. Kd3 Rg8 53.
Kd4 Kd8 54. Kc5 Rg4 55. Kd6 Rxh4 56. Kxe6 Kc7 57. Kxd5 Rh2 58. e6 Kd8 59. f5 {
"White went on to win"} 1-0

[Event "Mechanics' Winter TNM; 30/90, SD/30"]
[Site "San Francisco"]
[Date "2009.02.03"]
[Round "5.6"]
[White "Farzaneh-Far, Ramin"]
[Black "Bambou, Christophe"]
[Result "0-1"]
[WhiteElo "1856"]
[BlackElo "2035"]
[PlyCount "56"]
[EventDate "2009.??.??"]

1. d4 Nf6 2. c4 g6 3. Nc3 d6 4. e4 Bg7 5. Nf3 O-O 6. Be2 e5 7. O-O exd4 8. Nxd4
Re8 9. f3 Nc6 10. Be3 Nh5 11. Nd5 f5 12. Nb5 f4 13. Bf2 Qg5 14. h4 Qd8 15.
Ndxc7 Ng3 16. Bxg3 fxg3 17. Qd5+ Kh8 18. Qg5 Bf6 19. Qxg3 Re5 20. Nxa8 Bxh4 21.
Qf4 a6 22. Nc3 Be6 23. Rfd1 Bg5 24. Qg3 Be3+ 25. Kf1 Rh5 26. Ke1 Rh1+ 27. Bf1
Bxc4 28. Ne2 Qa5+ 0-1

[Event "Mechanics' Spring TNM; 30/90, SD/30"]
[Site "San Francisco"]
[Date "2009.03.24"]
[Round "2.16"]
[White "Farzaneh-Far, Ramin"]
[Black "Clarke, Steven"]
[Result "1-0"]
[WhiteElo "1895"]
[BlackElo "1374"]
[PlyCount "80"]
[EventDate "2009.??.??"]

1. d4 d5 2. c4 c6 3. Nf3 Nf6 4. Nc3 dxc4 5. a4 Bf5 6. e3 Nbd7 7. Bxc4 e6 8. O-O
Bd6 9. Qe2 Ne4 10. Rd1 Nxc3 11. bxc3 Bg4 12. e4 e5 13. h3 Bxf3 14. Qxf3 O-O 15.
Qf5 Qc7 16. Be2 Nf6 17. Bg5 Qe7 18. f4 h6 19. Bxf6 Qxf6 20. fxe5 Qxf5 21. exf5
Be7 22. Bf3 Rfe8 23. Rab1 Rab8 24. Rb3 Bg5 25. Kf2 Rec8 26. c4 Rc7 27. g3 b6
28. h4 Be7 29. Ke3 Rd8 30. Rbd3 Kf8 31. Be4 Ke8 32. Kf3 Rdd7 33. d5 cxd5 34.
cxd5 Bc5 35. d6 Rc8 36. e6 fxe6 37. fxe6 Rxd6 38. Rxd6 Ke7 39. Rc6 Rxc6 40.
Bxc6 Kxe6 1-0

[Event "Mechanics' Summer TNM; 30/90, SD/30"]
[Site "San Francisco"]
[Date "2009.07.07"]
[Round "7.15"]
[White "Farzaneh-Far, Ramin"]
[Black "Dembling, Arthur"]
[Result "1-0"]
[WhiteElo "1921"]
[BlackElo "1711"]
[PlyCount "69"]
[EventDate "2009.??.??"]

1. d4 Nf6 2. Nf3 e6 3. c4 b6 4. g3 Ba6 5. Qa4 Bb7 6. Bg2 Be7 7. O-O O-O 8. Nc3
d6 9. Rd1 Nbd7 10. Qc2 Qc8 11. e4 e5 12. Nd5 Nxd5 13. cxd5 exd4 14. Nxd4 Bf6
15. Be3 a5 16. h3 Nc5 17. Kh2 Re8 18. f4 Bxd5 19. e5 Bxg2 20. Qxg2 dxe5 21.
fxe5 Bxe5 22. Nc6 Bd6 23. Bd4 Qf5 24. Be5 Qe6 25. Bxd6 cxd6 26. Re1 Qd7 27. Re7
Qc8 28. Qd5 Ne6 29. Rf1 Rf8 30. Qxd6 Qa6 31. Rf2 Qc4 32. Qd7 Rae8 33. Rxe8 Rxe8
34. Qxe8+ Nf8 35. Ne7+ 1-0

[Event "Mechanics' Spring TNM; 30/90, SD/30"]
[Site "San Francisco"]
[Date "2009.04.21"]
[Round "6.5"]
[White "Farzaneh-Far, Ramin"]
[Black "Gaffagan, Steven"]
[Result "1/2-1/2"]
[WhiteElo "1895"]
[BlackElo "2029"]
[PlyCount "93"]
[EventDate "2009.??.??"]

1. d4 Nf6 2. c4 g6 3. Nc3 Bg7 4. e4 d6 5. Be2 O-O 6. Bg5 Nbd7 7. Qd2 e5 8. d5
Nc5 9. f3 a5 10. g4 a4 11. h4 c6 12. Nh3 Qa5 13. Rb1 cxd5 14. Nxd5 Nxd5 15.
Qxa5 Rxa5 16. cxd5 f6 17. Bd2 Ra8 18. Nf2 Bd7 19. Nd3 Rfc8 20. Nxc5 dxc5 21.
Kf2 b5 22. Be3 Bf8 23. f4 Bd6 24. f5 c4 25. fxg6 hxg6 26. g5 f5 27. h5 Kg7 28.
hxg6 Rh8 29. exf5 Bxf5 30. Rbf1 Rxh1 31. Rxh1 Rh8 32. Rxh8 Kxh8 33. a3 Kg7 34.
Bd2 Bc5+ 35. Kg3 Kxg6 36. Bg4 Be7 37. Kh4 Bxg4 38. Kxg4 Bd6 39. Bc3 e4 40. Bd2
Be7 41. Bf4 e3 42. Bxe3 b4 43. axb4 Bxb4 44. Bc1 Bd6 45. Bd2 Be5 46. Bc1 Bd6
47. Bd2 1/2-1/2

[Event "Mechanics' Spring TNM; 30/90, SD/30"]
[Site "San Francisco"]
[Date "2009.05.05"]
[Round "8.10"]
[White "Farzaneh-Far, Ramin"]
[Black "Litowsky, Daniel"]
[Result "1-0"]
[WhiteElo "1895"]
[BlackElo "1700"]
[PlyCount "39"]
[EventDate "2009.??.??"]

1. d4 d5 2. c4 c6 3. Nf3 Nf6 4. Nc3 Nbd7 5. e3 e6 6. Qc2 Bd6 7. g4 Nf8 8. g5
N6d7 9. Bd2 Ng6 10. h4 Qe7 11. O-O-O O-O 12. h5 Nh8 13. e4 dxe4 14. Nxe4 f5 15.
gxf6 Nxf6 16. Bg5 Qc7 17. Nxd6 Qxd6 18. Ne5 h6 19. Bxh6 Nf7 20. Bxg7 1-0